00826cam a22002411 450000100060000000300080000600500170001400800390003103500190007003500190008904000260010804100080013408200210014210000330016324500700019626000340026630000360030050400360033665000350037294200120040799900170041995201480043612665BD-RjUL20211208235333.0140129s1948 nyua b 001 0 eng a(BD-RjUL)12715 a(OCoLC)1560418 aDLCcOTdBD-RjULbeng aeng a621.38bBAT 19481 aBachman, C. H.d1908-93943410aTechniques in experimental electronics /cCharles Herbert Bachman aNew York :bJ. Wiley,cc1948. avii, 252 p. :billus. ;c22 cm. aInclude bibliography and index. 0aElectronicsxTechnique.939435 2ddccBK c12665d12665 00102ddc40718NFICaRUCLbRUCLcReadingd2058-09-23eJohn wilay and sonsg4.95l0o621.38 BAT 1948r2014-01-29 00:00:00tC-1w2014-01-29yBK